| 000 | 00321nam a2200097Ia 4500 | ||
|---|---|---|---|
| 008 | 220120s9999||||xx |||||||||||||| ||und|| | ||
| 100 |
_aRampraveen and Dhanish Raj _912190 |
||
| 245 | 0 | _aFM Based communication using pic microcontroller | |
| 260 |
_aCoorg Institute of Technology _bPonnampet _c2002 |
||
| 650 | _aCOMPUTER SCIENCE | ||
| 999 |
_c137776 _d137776 |
||